Honor trinitario y otros cuentos / (Registro nro. 14528)

Detalles MARC
000 -LIDER
fixed length control field 01035nam a2200277 a 4500
001 - NÚMERO DE CONTROL
Identificador de número de control 000002056
003 - IDENTIFICACDOR DE NÚMERO DE CONTROL
control field DO-SdBNP
005 - DATE AND TIME OF LATEST TRANSACTION
control field 20240116112216.0
007 - CAMPOS FIJOS DE DESCRIPCIÓN FÍSICA
fixed length control field 000002056
008 - ELEMENTOS DE LONGITUD FIJA
fixed length control field 090630t2018 dr a 001 j spa d
020 ## - ISBN
International Standard Book Number 9789945197778
040 ## - FUENTE DE CATALOGACIÓN
Agencia que crea de manera original el registro BPMSU
Idioma de catalogación spa
Agencia que realiza la transcripción BPMSU
082 #4 - NÚMERO DE CLASIFICACIÓN DECIMAL DE DEWEY
Classification number RD863.08
Item number H774t 2018
Edition number 22
092 ## - LOCALLY ASSIGNED DEWEY DECIMAL CALL NUMBER
Número de clasificación RD863.4208
Número de ítem (Cutter) C112L, 2011
245 00 - MENCIÓN DE TITULO
Título Honor trinitario y otros cuentos /
Mención de responsabilidad Enrique Apolinar Henríquez, José Ramón López, Manuel de Jesús Troncoso de la Concha, F. e. Moscoso Puello, Abigaíl Mejía, Manuel A. Amiama, Miguel Ángel Monclús, Freddy Prestol Castillo , Hilma contreras
260 ## - PUBLICACIÓN, DISTRIBUCIÓN, ETC. (PIE DE IMPRENTA)
Lugar de publicación, distribución, etc Santo Domingo :
Nombre del editor, distribuidor, etc. Editorial Santillana,
Fecha de publicación, distribución, etc 2018
300 ## - DESCRIPCIÓN FÍSICA
Extensión 119 p. :
Otros detalles físicos il. ;
Dimensiones 21 cm.
500 ## - NOTA GENERAL
Nota general
590 ## - NOTA LOCAL
Texto de la nota local Inventariado, 2024/VM
650 #4 - ENCABEZAMIENTO DE MATERIA--TEMÁTICO
Término temático o nombre geográfico como elemento de entrada Cuentos historicos dominicanos
Subdivisión temática general Colecciones
650 #4 - ENCABEZAMIENTO DE MATERIA--TEMÁTICO
Término temático o nombre geográfico como elemento de entrada Literatura dominicana
700 1# - ASIENTO SECUNDARIO -- NOMBRE PERSONAL
Nombre personal López, José Ramón,
Fechas asociadas con el nombre 1866-1922
700 1# - ASIENTO SECUNDARIO -- NOMBRE PERSONAL
Nombre personal Blanco Díaz, Andrés,
Mención de responsabilidad comp.
910 ## - VALIDACIÓN
Validación VMateo V.. Control de calidad BPMSU
942 ## - ADDED ENTRY ELEMENTS (KOHA)
Source of classification or shelving scheme Dewey Decimal Classification
Koha item type Libros
Existencias
Withdrawn status Lost status Source of classification or shelving scheme Damaged status Not for loan Collection code Home library Current library Date acquired Total Checkouts Full call number Barcode Date last seen Price effective from Koha item type
    Dewey Decimal Classification     Colección Dominicana Biblioteca Pública Metropolitana Salomé Ureña Biblioteca Pública Metropolitana Salomé Ureña 01/16/2024   BPMSU CD RD863.08 H774t 2018 BPMSU24010016 01/16/2024 01/16/2024 Libros